| 000 | 00669nam a2200241Ia 4500 | ||
|---|---|---|---|
| 003 | OSt | ||
| 005 | 20220918183926.0 | ||
| 006 | a|||||r|||| 00| 0 | ||
| 007 | ta | ||
| 008 | 220917b |||||||| |||| 00| 0 eng d | ||
| 024 | _a42,434 | ||
| 037 | _cTextual | ||
| 040 |
_aARTS _cARTS _beng |
||
| 041 |
_2eng _aeng |
||
| 082 | _aO1511,1:g(P), 111M1 | ||
| 100 |
_aSamgharakkhita _963928 |
||
| 245 | 0 |
_aVuttodaya _b a study of Pali Metre tr by R Siddharatha |
|
| 250 | _a2nd | ||
| 260 |
_aDelhi _bSathguru Pub _c1981 |
||
| 650 | _aENGLISH LITERATURE | ||
| 942 |
_hO1511,1:g(P), 111M1 _cTEXL _2CC |
||
| 999 |
_c174318 _d174318 |
||